| 000 | 00794cam a2200253 4500 | ||
|---|---|---|---|
| 001 | ABS62482 | ||
| 008 | 000000n2000 000 0 eng u | ||
| 035 | _a(Sirsi) u106760 | ||
| 100 | _aLawson, D. | ||
| 245 | _aEmerging culture | ||
| 260 | _c2000 | ||
| 490 |
_aProperty Week _v65(24) 16 June 2000, 51-52(2) |
||
| 520 | _aTransatlantic mergers are beginning to create global fund managers. Profiles five such mergers and their differing objectives. | ||
| 590 | _aABS | ||
| 650 | _aTRANSATLANTIC MERGERS | ||
| 650 | _aGLOBAL FUND MANAGEMENT | ||
| 650 | _aJONES LANG LASALLE | ||
| 650 | _aHEALEY & BAKER | ||
| 650 | _aCB HILLIER PARKER | ||
| 650 | _aINSIGNIA/ATLANTIC | ||
| 650 | _aUNITED STATES | ||
| 690 | _aMANAGEMENT-BUSINESS MANAGEMENT-FINANCIAL MANAGEMENT | ||
| 942 | _n0 | ||
| 999 |
_c63893 _d63893 |
||